00763nam a2200241Ia 4500003000400000005001700004006001800021007000300039008004100042024001000083037001100093040001800104041001300122100001600135110008600151245008400237260000900321650002600330700002600356700002700382700002600409700008600435OSt20220930084808.0a|||||r|||| 00| 0ta220926b |||||||| |||| 00| 0 eng d a86075 cTheses aCRLcCRLbeng 2engaeng aSharma Amit aUniversity of Delhi. Faculty of Medical Sciences. Department of Forensic Medicine 0aPostmortem study of histopathological findings to determine the age of injuries c2006 aMEDICAL JURISPRUDENCE a Dr. A. K. Mandal Gu. a Dr. Anil Aggrawal Gu. a Dr. S. K. Khanna Gu. aUniversity of Delhi. Faculty of Medical Sciences. Department of Forensic Medicine